Boy : (Record no. 919)
[ view plain ]
| 000 -LEADER | |
|---|---|
| fixed length control field | 01091cam a2200337 a 4500 |
| 001 - CONTROL NUMBER | |
| control field | 4734457 |
| 003 - CONTROL NUMBER IDENTIFIER | |
| control field | OSt |
| 005 - DATE AND TIME OF LATEST TRANSACTION | |
| control field | 20150903131805.0 |
| 008 - FIXED-LENGTH DATA ELEMENTS--GENERAL INFORMATION | |
| fixed length control field | 840718r1984 nyua j 000 0aeng |
| 010 ## - LIBRARY OF CONGRESS CONTROL NUMBER | |
| LC control number | 84048462 |
| 020 ## - INTERNATIONAL STANDARD BOOK NUMBER | |
| International Standard Book Number | 0140318909 |
| Terms of availability | $10.95 |
| 040 ## - CATALOGING SOURCE | |
| Original cataloging agency | DLC |
| Transcribing agency | DLC |
| Modifying agency | DLC |
| 042 ## - AUTHENTICATION CODE | |
| Authentication code | lcac |
| 043 ## - GEOGRAPHIC AREA CODE | |
| Geographic area code | e-uk--- |
| 050 00 - LIBRARY OF CONGRESS CALL NUMBER | |
| Classification number | PZ 7 |
| Item number | .D131 1984 |
| 082 ## - DEWEY DECIMAL CLASSIFICATION NUMBER | |
| Classification number | KF D13b |
| Item number | 1984 |
| 100 1# - MAIN ENTRY--PERSONAL NAME | |
| Personal name | Dahl, Roald. |
| 9 (RLIN) | 3827 |
| 245 10 - TITLE STATEMENT | |
| Title | Boy : |
| Remainder of title | tales of childhood / |
| Statement of responsibility, etc | Roald Dahl |
| 260 ## - PUBLICATION, DISTRIBUTION, ETC. (IMPRINT) | |
| Place of publication, distribution, etc | New York : |
| Name of publisher, distributor, etc | Puffin Books, |
| Date of publication, distribution, etc | c1984. |
| 300 ## - PHYSICAL DESCRIPTION | |
| Extent | 176 p. |
| Other physical details | ill. ; |
| Dimensions | 20 cm. |
| 562 ## - COPY AND VERSION IDENTIFICATION NOTE | |
| Number of copies | 1 |
| 600 10 - SUBJECT ADDED ENTRY--PERSONAL NAME | |
| Personal name | Dahl, Roald |
| General subdivision | Childhood and youth |
| -- | Juvenile literature. |
| 9 (RLIN) | 4123 |
| 600 11 - SUBJECT ADDED ENTRY--PERSONAL NAME | |
| Personal name | Dahl, Roald. |
| 9 (RLIN) | 3827 |
| 650 #0 - SUBJECT ADDED ENTRY--TOPICAL TERM | |
| Topical term or geographic name as entry element | Authors, English |
| Chronological subdivision | 20th century |
| General subdivision | Biography |
| -- | Juvenile literature. |
| 9 (RLIN) | 4124 |
| 650 #1 - SUBJECT ADDED ENTRY--TOPICAL TERM | |
| Topical term or geographic name as entry element | Authors, English. |
| 9 (RLIN) | 4125 |
| 651 #0 - SUBJECT ADDED ENTRY--GEOGRAPHIC NAME | |
| Geographic name | Great Britain |
| General subdivision | Social life and customs |
| -- | Juvenile literature. |
| 9 (RLIN) | 4126 |
| 856 42 - ELECTRONIC LOCATION AND ACCESS | |
| Materials specified | Publisher description |
| Uniform Resource Identifier | <a href="http://www.loc.gov/catdir/description/hol054/84048462.html">http://www.loc.gov/catdir/description/hol054/84048462.html</a> |
| 906 ## - LOCAL DATA ELEMENT F, LDF (RLIN) | |
| a | 7 |
| b | cbc |
| c | orignew |
| d | 3 |
| e | ocip |
| f | 19 |
| g | y-gencatlg |
| 942 ## - ADDED ENTRY ELEMENTS (KOHA) | |
| Source of classification or shelving scheme | Library of Congress Classification |
| Koha item type | Books |
| Withdrawn status | Lost status | Source of classification or shelving scheme | Damaged status | Home library | Current library | Shelving location | Date acquired | Source of acquisition | Total Checkouts | Total Renewals | Full call number | Barcode | Date last seen | Date checked out | Copy number | Price effective from | Koha item type | Public note |
|---|---|---|---|---|---|---|---|---|---|---|---|---|---|---|---|---|---|---|
| Withdrawn | Library of Congress Classification | Damaged | Luxembourg Library | Luxembourg Library | Kids Fiction Section | 07/25/2013 | Donation | 2 | 2 | PZ 7 .D131 1984 | 9108 | 10/09/2015 | 12/05/2014 | 1 | 10/03/2013 | Books | discard |